000 00350nam a2200121Ia 4500
005 20251222144642.0
008 251222s9999||||xx |||||||||||||| ||spa||
082 _a372.41/P59
100 _aPinzás García, Juana
245 0 _aLeer Pensando:
264 _bAsociación de Investigación Aplicada y Extensión Pedagógica Sofía Pinzás
942 _cLIB
999 _c16739
_d16739